|
|
|
|
| LEADER |
00000nam0a2200000 4500 |
| 001 |
94612 |
| 005 |
20231031105716.0 |
| 020 |
|
|
|a RU
|b 85-9235
|
| 035 |
|
|
|a (RuTPU)RU\TPU\book\101351
|
| 090 |
|
|
|a 94612
|
| 100 |
|
|
|a 20060413d1984 m y0rusy5003 ca
|
| 101 |
0 |
|
|a rus
|
| 102 |
|
|
|a RU
|
| 105 |
|
|
|a a z 000zy
|
| 200 |
1 |
|
|a Теория и технология литейных процессов
|e межвузовский сборник
|f Чувашский государственный университет; под ред. И. Е. Илларионова
|
| 210 |
|
|
|a Чебоксары
|c ЧГУ
|d 1984
|
| 215 |
|
|
|a 121 с.
|
| 320 |
|
|
|a Библиография в конце статей
|
| 610 |
1 |
|
|a литейное производство
|
| 610 |
1 |
|
|a литейные процессы
|
| 610 |
1 |
|
|a теория
|
| 610 |
1 |
|
|a технология
|
| 610 |
1 |
|
|a сборники
|
| 675 |
|
|
|a 621.74
|v 3
|
| 702 |
|
1 |
|a Илларионов
|b И. Е.
|g Илья Егорович
|4 340
|
| 712 |
0 |
2 |
|a Чувашский государственный университет
|2 stltpush
|3 (RuTPU)RU\TPU\col\299
|
| 801 |
|
0 |
|a RU
|b RuMRKP
|c 19950704
|g psbo
|
| 801 |
|
1 |
|a RU
|b 63413507
|c 20060413
|g PSBO
|
| 801 |
|
2 |
|a RU
|b 63413507
|c 20150519
|g PSBO
|
| 942 |
|
|
|c BK
|